Фінансовий аналіз (Запис № 338824)

МАРК-запис
000 -Лідер
fixed length control field 00649nam a22002537a 4500
003 - Ідентифікатор контрольного номера
control field UA-OsUOA
001 - Контрольний номер
control field 52739
007 - Фіксоване поле фізичного опису
fixed length control field ta
008 - Елементи даних фіксованої довжини – загальна інформація
fixed length control field 20080303b un ||||| |||| 00| 0 ukr d
090 ## - Локальний шифр розміщення
Класифікаційний індекс УДК 336(075.8)
Авторський знак (НП) П12
040 ## - Джерело каталогізації
Агенція оригінальної каталогізації UA-OsUOA
Мова каталогізації ukr
Агенція, яка здійснювала перезапис UA-OsUOA
Агенція, яка здійснювала модифікацію UA-OsUOA
041 ## - Код мови
Код мови тексту/ звукової доріжки чи окремого заголовка (П) ukr
080 ## - Індекс Універсальної десяткової класифікації
Індекс Універсальної десяткової класифікації (УДК) (НП) 336(075.8)
020 ## - Міжнародний стандартний книжковий номер (ISBN)
Міжнародний стандартний книжковий номер (ISBN) (НП) 966-364-360-2
100 ## - Основне введення – ім’я особи
Ім’я особи (НП) Подольська В. О.
245 ## - Відомості про назву
Назва (НП) Фінансовий аналіз
Решта назви (НП) Навчальний посібник
260 ## - Публікація, розповсюдження і т.п. (Вихідні дані)
Місце публікації, розповсюдження і т.п. (П) К.
Ім’я/ наймення видавництва, розповсюджувача і т.п. (П) ЦНЛ
Дата публікації, розповсюдження і т.п. (П) 2007
300 ## - Фізичний опис
Обсяг 488 с.
650 #7 - Додаткове предметне введення – тематичний термін
Тематичний термін чи географічна назва, як елемент введення (НП) 336 Фінанси
Джерело заголовка чи терміна UDC
700 ## - Додаткове введення – ім'я особи
Ім’я особи (НП) Яріш О. В.
942 ## - Додаткові елементи входу (Коха)
Тип елемента Koha Книги
955 ## - Код типу видання за змістом
Код типу видання за змістом (НП) Навчальні видання
Фонди
Стан вилучень Стан втрат Джерело класифікації або схеми стелажів Стан уражень Не для кредиту Постійне місце розташування Поточне розміщення Дата придбання Джерело придбання Вартість, звичайна ціна покупки Інвентарний номер Усього замовленно Повний номер виклику Штрих-код Дата останнього перегляду Ціна ефективна від Тип елемента Koha Дата останньої перевірки
    Universal Decimal Classification     АБ - Абонемент НБ АБ - Абонемент НБ 21/08/2008 106/2008 38.00 115043 1 336(075.8) П12 115043 07/12/2021 03/03/2008 Книги 26/07/2019
    Universal Decimal Classification     АБ - Абонемент НБ АБ - Абонемент НБ 21/08/2008 106/2008 38.00 115044   336(075.8) П12 115044 07/12/2021 03/03/2008 Книги  
Withdrawn   Universal Decimal Classification     АБ - Абонемент НБ АБ - Абонемент НБ 21/08/2008 106/2008 38.00 115045   336(075.8) П12 115045 13/07/2019 03/03/2008 Книги  
    Universal Decimal Classification     АБ - Абонемент НБ АБ - Абонемент НБ 21/08/2008 106/2008 38.00 115046   336(075.8) П12 115046 07/12/2021 03/03/2008 Книги  
    Universal Decimal Classification     АБ - Абонемент НБ АБ - Абонемент НБ 21/08/2008 106/2008 38.00 115047   336(075.8) П12 115047 07/12/2021 03/03/2008 Книги  
    Universal Decimal Classification     АБ - Абонемент НБ АБ - Абонемент НБ 21/08/2008 106/2008 38.00 115048   336(075.8) П12 115048 07/12/2021 03/03/2008 Книги  
    Universal Decimal Classification     АБ - Абонемент НБ АБ - Абонемент НБ 21/08/2008 106/2008 38.00 115049   336(075.8) П12 115049 07/12/2021 03/03/2008 Книги  
    Universal Decimal Classification     АБ - Абонемент НБ АБ - Абонемент НБ 21/08/2008 106/2008 38.00 115050   336(075.8) П12 115050 07/12/2021 03/03/2008 Книги  
    Universal Decimal Classification     АБ - Абонемент НБ АБ - Абонемент НБ 21/08/2008 106/2008 38.00 115051   336(075.8) П12 115051 07/12/2021 03/03/2008 Книги  
    Universal Decimal Classification     АБ - Абонемент НБ АБ - Абонемент НБ 21/08/2008 106/2008 38.00 115052   336(075.8) П12 115052 07/12/2021 03/03/2008 Книги  
    Universal Decimal Classification     ЧЗ - Читальна зала ЧЗ - Читальна зала 03/03/2008 23/2008 38.00 111851   336(075.8) П12 111851 06/02/2022 03/03/2008 Книги